Kryptomeny ako súčasť digitálnych aktív v Slovenskej republike
Nový typ aktív založených na digitalizácii. Krypto aktíva ako najznámejšia podskupina digitálnych aktív vďaka kryptomene Bitcoin, ktorá odštartovala vytváranie celého radu nových statkov, ktoré predstavujú hodnotu. Súčasný stav vykazovania kryptomeny ako súčasti digitálnych aktív v Slovenskej republ...
Gespeichert in:
| 1. Verfasser: | |
|---|---|
| Format: | Buchkapitel |
| Sprache: | Slowakisch |
| Schlagworte: | |
| Tags: |
Keine Tags, Fügen Sie das erste Tag hinzu!
|
MARC
| LEADER | 00000naa a2200000 4500 | ||
|---|---|---|---|
| 001 | 0289921 | ||
| 005 | 20240502074439.8 | ||
| 041 | 0 | |a slo | |
| 044 | |a SK | ||
| 245 | 1 | 0 | |a Kryptomeny ako súčasť digitálnych aktív v Slovenskej republike |c Branislav Parajka |
| 520 | |a Nový typ aktív založených na digitalizácii. Krypto aktíva ako najznámejšia podskupina digitálnych aktív vďaka kryptomene Bitcoin, ktorá odštartovala vytváranie celého radu nových statkov, ktoré predstavujú hodnotu. Súčasný stav vykazovania kryptomeny ako súčasti digitálnych aktív v Slovenskej republike analýzou literatúry, súčasného právneho systému. | ||
| 610 | 2 | 0 | |a aktíva |
| 610 | 2 | 0 | |a hodnota |
| 610 | 2 | 0 | |a mena digitálna |
| 610 | 2 | 0 | |a elektronizácia |
| 610 | 2 | 0 | |a digitalizácia |
| 610 | 2 | 0 | |a majetok |
| 100 | 1 | |a Parajka, Branislav, 1981- | |